Welcome to the Holygrace Academy Library

Please use search bar below to get started

BAKSHANAM AAROGYATHINU (Record no. 980)

MARC details
000 -LEADER
fixed length control field 00276nam a22001217a 4500
082 ## - DEWEY DECIMAL CLASSIFICATION NUMBER
Classification number 894.812
Item number NKM/B
100 ## - MAIN ENTRY--AUTHOR NAME
Personal name MRS.N.K.M
245 ## - TITLE STATEMENT
Title BAKSHANAM AAROGYATHINU
260 ## - PUBLICATION, DISTRIBUTION, ETC. (IMPRINT)
Place of publication KOZHIKODE
Name of publisher ASHRAFI BOOK CENTRE
Year of publication 2001
300 ## - PHYSICAL DESCRIPTION
Number of Pages 95
650 ## - SUBJECT ADDED ENTRY--TOPICAL TERM
Topical Term FOOD FOR LIFE
Geographic subdivision KERALA
942 ## - ADDED ENTRY ELEMENTS (KOHA)
Koha item type Books
Holdings
Withdrawn status Lost status Collection code Home library Current library Shelving location Date acquired Source of acquisition Cost, normal purchase price Full call number Accession Number Koha item type
    Reference Main Library Main Library   06/02/2010 purchase 10.00 894.812 NKM/B 01083 Books